000 00813cam a22002533a 4500
001 4948
003 PGUSA
005 20140828083111.0
008 040101s2004||||xxu|||||s|||||000 1 eng d
040 _aPGUSA
_beng
042 _adc
050 4 _aPS
100 1 _aOsbourne, Lloyd,
_d1868-1947
245 1 0 _aLove, the Fiddler
_h[electronic resource] /
_cLloyd Osbourne
260 _bProject Gutenberg,
_c2004
505 0 _aThe chief engineer -- ffrenches first -- The golden castaways -- The awakening of George Raymond -- The mascot of Battery B.
506 _aPublic domain in the USA.
516 _aElectronic text
653 _aManners and customs -- Fiction
653 _aShort stories, American
830 0 _aProject Gutenberg
_v4948
856 4 0 _uhttp://www.gutenberg.org/ebooks/4948
942 _cEB
999 _c234277
_d234277